[Event "Sunway Formentera playoff 5-8"]
[Site "Sant Ferran de ses Roques"]
[Date "2024.04.19"]
[Round "2.2"]
[White "Moussard, Jules"]
[Black "Alsina Leal, Daniel"]
[Result "1-0"]
[WhiteElo "2610"]
[BlackElo "2497"]
[PlyCount "61"]
[EventDate "2024.04.19"]
[EventType "k.o. (blitz)"]
[EventRounds "2"]
[EventCountry "ESP"]
[SourceTitle "CB17_2024"]
[SourceDate "2024.04.24"]
[SourceVersion "1"]
[SourceVersionDate "2024.04.24"]
[SourceQuality "1"]

1. e4 c5 2. Nf3 Nc6 3. Bb5 g6 4. Bxc6 dxc6 5. d3 Bg7 6. 0-0 Nf6 7. e5 Nd7 8. e6 fxe6 9. Ng5 Ne5 10. Bd2 0-0 11. Bc3 Nf7 12. Bxg7 Kxg7 13. Nxf7 Rxf7 14. Nc3 Qd4 15. Qe2 Bd7 16. Ne4 b6 17. Ng5 Rf6 18. c3 Qd5 19. Nf3 Raf8 20. Ne5 Bc8 21. Rae1 a5 22. a3 b5 23. Qe3 b4 24. axb4 cxb4 25. cxb4 axb4 26. Rc1 Qb3 27. Ng4 R6f7 28. Qe5+ Rf6 29. Rxc6 Qxd3 30. Rc7 Qd6 31. Qxd6 1-0

[Event "Sunway Formentera op 3rd"]
[Site "Sant Ferran de ses Roques"]
[Date "2024.04.18"]
[Round "9"]
[White "Alsina Leal, Daniel"]
[Black "Fernandez Guillen, Ernesto J"]
[Result "1-0"]
[WhiteElo "2497"]
[BlackElo "2474"]
[PlyCount "113"]
[EventDate "2024.04.09"]
[EventType "swiss"]
[EventRounds "10"]
[EventCountry "ESP"]
[SourceTitle "CB17_2024"]
[SourceDate "2024.04.24"]
[SourceVersion "1"]
[SourceVersionDate "2024.04.24"]
[SourceQuality "1"]

1. e4 c5 2. Nf3 d6 3. Bb5+ Nd7 4. d4 cxd4 5. Nxd4 Ngf6 6. 0-0 a6 7. Bd3 Nc5 8. Nc3 e5 9. Nf5 Bxf5 10. exf5 d5 11. Bg5 d4 12. Ne4 h5 13. Re1 Ncxe4 14. Bxe4 Qb6 15. Bf3 Bd6 16. Bxf6 gxf6 17. Qe2 Bc5 18. Rad1 Rd8 19. Rd3 Qxb2 20. Rb3 d3 21. Rxb2 dxe2 22. Rxb7 h4 23. Bxe2 0-0 24. Rc7 Bb6 25. Rc4 Rd2 26. Rg4+ Kh7 27. Rxh4+ Kg7 28. Rg4+ Kh7 29. Rh4+ Kg7 30. Rg4+ Kh7 31. Rc4 Rfd8 32. Kf1 R8d4 33. Rc6 Ba5 34. g3 e4 35. Rb1 Kg7 36. Rb7 Rd5 37. g4 Re5 38. Rb3 Bd8 39. h4 Be7 40. Rbc3 Bb4 41. R3c4 Bf8 42. Rc3 Bb4 43. Rb3 a5 44. Rc7 Re8 45. a3 Bd6 46. Rd7 Re7 47. Rbb7 Kf8 48. Rd8+ Re8 49. Rxe8+ Kxe8 50. Bb5+ Kf8 51. Rd7 Bf4 52. Rxd2 Bxd2 53. Ke2 Bc1 54. a4 Ke7 55. Bc6 Kd6 56. Bxe4 Kc5 57. Kd3 1-0

[Event "Catalunya-chT Gp2"]
[Site "Barcelona"]
[Date "2024.02.17"]
[Round "5.2"]
[White "Sarana, Alexey"]
[Black "Alsina Leal, Daniel"]
[Result "1-0"]
[WhiteElo "2695"]
[BlackElo "2495"]
[PlyCount "119"]
[EventDate "2024.01.20"]
[EventType "team-tourn"]
[EventRounds "7"]
[EventCountry "ESP"]
[SourceTitle "CB11_2024"]
[SourceDate "2024.03.13"]
[SourceVersion "1"]
[SourceVersionDate "2024.03.13"]
[SourceQuality "1"]
[WhiteTeam "Platja D'Aro"]
[BlackTeam "Barbera"]
[WhiteTeamCountry "ESP"]
[BlackTeamCountry "ESP"]

1. d4 d5 2. c4 e6 3. Nc3 Nf6 4. cxd5 exd5 5. Bg5 c6 6. e3 h6 7. Bh4 Bf5 8. Qf3 Bg6 9. Bxf6 Qxf6 10. Qxf6 gxf6 11. Nf3 Nd7 12. Kd2 Nb6 13. b3 Nc8 14. Bd3 Nd6 15. Nh4 f5 16. Ne2 Be7 17. Nf3 Ne4+ 18. Ke1 0-0 19. Nf4 Rfe8 20. g3 Rad8 21. Nh4 Bxh4 22. gxh4 Kh8 23. Rc1 Rd6 24. Rg1 Rg8 25. b4 a6 26. a4 Nf6 27. Be2 Bh7 28. Rg3 Ne4 29. Rxg8+ Kxg8 30. b5 axb5 31. axb5 Kf8 32. Ra1 Ke7 33. f3 Nf6 34. Ra7 cxb5 35. Rxb7+ Rd7 36. Rxb5 Kd6 37. Bd1 Ra7 38. Bb3 Ra1+ 39. Kf2 Rb1 40. Rb6+ Ke7 41. Rb7+ Kf8 42. Bxd5 Rxb7 43. Bxb7 Ke7 44. Ba6 Bg6 45. Bd3 Bh7 46. h5 Kd6 47. Ke2 Nd5 48. Nxd5 Kxd5 49. Kd2 f6 50. Kc3 Kd6 51. f4 Ke6 52. Bc4+ Ke7 53. Kb4 Kd6 54. Bf7 Kc6 55. Bg6 Bg8 56. Bxf5 Ba2 57. Bg6 Kd6 58. e4 Bg8 59. d5 f5 60. Bxf5 1-0

[Event "Catalunya-chT Gp2"]
[Site "Barcelona"]
[Date "2024.02.03"]
[Round "3.2"]
[White "Alsina Leal, Daniel"]
[Black "Sanchez Aguilar, Arnau"]
[Result "1-0"]
[WhiteElo "2495"]
[BlackElo "2125"]
[PlyCount "125"]
[EventDate "2024.01.20"]
[EventType "team-tourn"]
[EventRounds "7"]
[EventCountry "ESP"]
[SourceTitle "CB11_2024"]
[SourceDate "2024.03.13"]
[SourceVersion "1"]
[SourceVersionDate "2024.03.13"]
[SourceQuality "1"]
[WhiteTeam "Barbera"]
[BlackTeam "Llinars"]
[WhiteTeamCountry "ESP"]
[BlackTeamCountry "ESP"]

1. e4 e5 2. Nf3 Nc6 3. Bc4 Nf6 4. Ng5 d5 5. exd5 Na5 6. Bb5+ c6 7. dxc6 bxc6 8. Bd3 Nd5 9. Nf3 Bd6 10. 0-0 0-0 11. Re1 f5 12. Nxe5 Qf6 13. Nf3 g5 14. c4 Nf4 15. Bf1 g4 16. d4 gxf3 17. Qxf3 Ne6 18. Qc3 Qh4 19. h3 c5 20. Na3 Nxd4 21. Nb5 Nb7 22. b4 a5 23. bxc5 Bxc5 24. g3 Qf6 25. Bb2 Nf3+ 26. Qxf3 Qxb2 27. Bg2 Qg7 28. Rad1 Ra6 29. Qd5+ Kh8 30. Qe5 f4 31. g4 f3 32. Qxg7+ Kxg7 33. Bf1 Rf4 34. Nc7 Rh6 35. Nd5 Rf7 36. Re5 Rg6 37. Bd3 Re6 38. Rg5+ Kf8 39. Rf5 Rh6 40. Rxf7+ Kxf7 41. Nf4 Bd6 42. Nh5 Nc5 43. Bxh7 Be5 44. Rd5 Bd6 45. Bc2 Re6 46. Rd1 Bc7 47. Bf5 Re8 48. Bxc8 Rxc8 49. Rd5 Rd8 50. Rf5+ Kg8 51. Nf6+ Kg7 52. Nd5 Bd6 53. Rxf3 Rb8 54. Ne3 Be5 55. Rf5 Rb1+ 56. Kg2 Nd3 57. Kf3 Bc3 58. Rd5 Nc1 59. Rd1 a4 60. c5 a3 61. c6 Be5 62. Nc4 Rb2 63. Rxc1 1-0

[Event "Catalunya-chT Gp2"]
[Site "Barcelona"]
[Date "2024.01.27"]
[Round "2.2"]
[White "Dominguez Pons, Eric"]
[Black "Alsina Leal, Daniel"]
[Result "0-1"]
[WhiteElo "2327"]
[BlackElo "2495"]
[PlyCount "56"]
[EventDate "2024.01.20"]
[EventType "team-tourn"]
[EventRounds "7"]
[EventCountry "ESP"]
[SourceTitle "CB06_2024"]
[SourceDate "2024.02.07"]
[SourceVersion "1"]
[SourceVersionDate "2024.02.07"]
[SourceQuality "1"]
[WhiteTeam "Sant Andreu"]
[BlackTeam "Barbera"]
[WhiteTeamCountry "ESP"]
[BlackTeamCountry "ESP"]

1. d4 d5 2. c4 e6 3. Nf3 Nf6 4. g3 Be7 5. Bg2 0-0 6. 0-0 dxc4 7. Qc2 a6 8. a4 h6 9. Rd1 Nc6 10. Qxc4 e5 11. Nc3 e4 12. Ne5 Be6 13. Nxc6 Bxc4 14. Nxd8 Raxd8 15. Bf4 c6 16. e3 g5 17. Be5 Ng4 18. Nxe4 f5 19. Nc3 Nxe5 20. dxe5 Bb3 21. Rxd8 Rxd8 22. Ne2 Bc5 23. Nd4 Bxd4 24. exd4 Rxd4 25. Bf1 Kf7 26. a5 Ke6 27. Ra3 Bd5 28. Bd3 Rb4 0-1

[Event "Catalunya-chT Gp2"]
[Site "Barcelona"]
[Date "2024.01.20"]
[Round "1.2"]
[White "Alsina Leal, Daniel"]
[Black "Aloma Vidal, Roberto"]
[Result "1-0"]
[WhiteElo "2495"]
[BlackElo "2446"]
[PlyCount "107"]
[EventDate "2024.01.20"]
[EventType "team-tourn"]
[EventRounds "7"]
[EventCountry "ESP"]
[SourceTitle "CB06_2024"]
[SourceDate "2024.02.07"]
[SourceVersion "1"]
[SourceVersionDate "2024.02.07"]
[SourceQuality "1"]
[WhiteTeam "Barbera"]
[BlackTeam "Barcelona Escacs CC"]
[WhiteTeamCountry "ESP"]
[BlackTeamCountry "ESP"]

1. e4 e5 2. Nf3 Nc6 3. Bb5 Nge7 4. 0-0 Ng6 5. c3 a6 6. Ba4 b5 7. Bc2 Be7 8. d4 d6 9. Be3 0-0 10. Nbd2 Kh8 11. d5 Nb8 12. a4 Bb7 13. axb5 axb5 14. Qe2 b4 15. Qb5 Ba6 16. Qxb4 c5 17. Qa5 Qc8 18. c4 Nd7 19. Qc3 Nf6 20. Ra5 Bd8 21. Ra4 Rb8 22. Rfa1 Bb7 23. b4 cxb4 24. Rxb4 Ra8 25. Rxa8 Bxa8 26. Qa3 Ng4 27. Bb6 Nf4 28. Bxd8 Rxd8 29. Rb6 Qc7 30. Qb4 f5 31. h3 Nf6 32. Kh2 h6 33. Nh4 fxe4 34. Bxe4 Qd7 35. Rb8 Qe8 36. Rxd8 Qxd8 37. Ng6+ Kg8 38. Nxf4 exf4 39. Bg6 Qc7 40. Qa4 Bb7 41. Ne4 Nd7 42. Bf5 Bc8 43. Qc6 Qxc6 44. dxc6 Nb6 45. Nxd6 Bxf5 46. Nxf5 Na8 47. Ne7+ Kf7 48. Nd5 Ke6 49. h4 Kd6 50. c7 Nxc7 51. Nxc7 Kxc7 52. h5 Kd6 53. Kh3 f3 54. gxf3 1-0

[Event "BCF-chT 2324 (4NCL)"]
[Site "England"]
[Date "2024.01.14"]
[Round "4.2"]
[White "Alsina Leal, Daniel"]
[Black "Royal, Shreyas"]
[Result "0-1"]
[WhiteElo "2495"]
[BlackElo "2459"]
[PlyCount "126"]
[EventDate "2023.11.11"]
[EventType "team-tourn"]
[EventRounds "11"]
[EventCountry "ENG"]
[SourceTitle "CB11_2024"]
[SourceDate "2024.03.13"]
[SourceVersion "1"]
[SourceVersionDate "2024.03.13"]
[SourceQuality "1"]
[WhiteTeam "Chessable White Rose"]
[BlackTeam "Wood Green Youth"]
[WhiteTeamCountry "ENG"]
[BlackTeamCountry "ENG"]

1. e4 e5 2. Nf3 Nc6 3. Bb5 a6 4. Ba4 Nf6 5. 0-0 b5 6. Bb3 Bc5 7. a4 Rb8 8. c3 d6 9. d4 Bb6 10. axb5 axb5 11. Qd3 0-0 12. Bg5 exd4 13. cxd4 h6 14. Bh4 g5 15. Bg3 Nh5 16. Nc3 Bg4 17. Nd5 Bxf3 18. Nxb6 Bxg2 19. Kxg2 Rxb6 20. Qd1 Nxg3 21. fxg3 Ne7 22. Qh5 d5 23. exd5 Nxd5 24. Rae1 Kg7 25. Qf3 Rd6 26. Re5 c6 27. Bxd5 Rxd5 28. Rxd5 Qxd5 29. Qxd5 cxd5 30. Rf5 Rd8 31. Re5 Kg6 32. Kf3 Rd6 33. h4 Rf6+ 34. Kg2 Rd6 35. hxg5 hxg5 36. Kf3 Kh5 37. Re7 Rf6+ 38. Kg2 Kg4 39. Rb7 Rf3 40. Rxb5 Rxg3+ 41. Kf2 Rd3 42. Rxd5 Rb3 43. Rd8 Kf4 44. d5 Rxb2+ 45. Ke1 f5 46. d6 Rb5 47. d7 Rd5 48. Ke2 g4 49. Kf2 g3+ 50. Ke2 Rd6 51. Ra8 Rxd7 52. Ra4+ Kg5 53. Kf3 Rd3+ 54. Kg2 f4 55. Kh3 Kf5 56. Rb4 Rd2 57. Rb5+ Ke4 58. Rb4+ Kf3 59. Rb3+ Kf2 60. Rb1 f3 61. Ra1 Re2 62. Rb1 g2 63. Kh2 Re1 0-1

[Event "Sant Boi de Llobregat op 4th"]
[Site "Sant Boi de Llobregat"]
[Date "2023.12.03"]
[Round "4"]
[White "Alsina Leal, Daniel"]
[Black "Rozen, Eytan"]
[Result "1/2-1/2"]
[WhiteElo "2501"]
[BlackElo "2451"]
[PlyCount "76"]
[EventDate "2023.11.30"]
[EventType "swiss"]
[EventRounds "9"]
[EventCountry "ESP"]
[SourceTitle "CB50_2023"]
[SourceDate "2023.12.13"]
[SourceVersion "1"]
[SourceVersionDate "2023.12.13"]
[SourceQuality "1"]

1. e4 c6 2. d4 d5 3. exd5 cxd5 4. c4 Nf6 5. Nc3 Nc6 6. Nf3 a6 7. c5 Bg4 8. Be2 g6 9. 0-0 Bg7 10. Be3 e6 11. b4 Ne4 12. Nxe4 dxe4 13. Nd2 Bxe2 14. Qxe2 Nxd4 15. Bxd4 Qxd4 16. Nxe4 0-0 17. Rab1 Qe5 18. Qf3 Qc7 19. Rfd1 Be5 20. h4 Qe7 21. g3 Rad8 22. Rxd8 Rxd8 23. Rd1 Rd5 24. Rxd5 exd5 25. Nd2 Bd4 26. Kf1 Qe6 27. Nb3 Be5 28. Qe3 Qh3+ 29. Ke1 Bf6 30. Qf3 Qe6+ 31. Kf1 Kg7 32. Na5 Qd7 33. Kg2 h5 34. Qf4 d4 35. Qd6 Qf5 36. Qf4 Qd7 37. Qd6 Qf5 38. Qf4 Qd7 1/2-1/2

[Event "Mediterranean-ch 13th"]
[Site "Platja d'Aro"]
[Date "2023.11.09"]
[Round "7"]
[White "Alsina Leal, Daniel"]
[Black "Valle Luis, Leo"]
[Result "1/2-1/2"]
[WhiteElo "2533"]
[BlackElo "2189"]
[PlyCount "259"]
[EventDate "2023.11.04"]
[EventType "swiss"]
[EventRounds "9"]
[EventCountry "ESP"]
[SourceTitle "CB46_2023"]
[SourceDate "2023.11.15"]
[SourceVersion "1"]
[SourceVersionDate "2023.11.15"]
[SourceQuality "1"]

1. e4 c6 2. d4 d5 3. e5 c5 4. Nf3 Bg4 5. dxc5 e6 6. b4 a5 7. c3 axb4 8. cxb4 Qc7 9. Bb5+ Nc6 10. Nbd2 b6 11. 0-0 bxc5 12. Nb3 Nge7 13. Nxc5 Nf5 14. Na6 Rxa6 15. Bxa6 Bxb4 16. Bb5 0-0 17. Bxc6 Qxc6 18. Bb2 Qa6 19. h3 Bxf3 20. Qxf3 Bc5 21. Rfe1 h6 22. a4 Rb8 23. Qe2 Qa7 24. Ra2 Ng3 25. Qf3 Ne4 26. Bc1 Qa5 27. Rf1 Rb4 28. Bd2 Nxd2 29. Rxd2 Rxa4 30. Rc2 Ra2 31. Rxa2 Qxa2 32. Rc1 Qa7 33. g3 Qa3 34. Qxa3 Bxa3 35. Rc7 Bb2 36. f4 f6 37. Re7 fxe5 38. fxe5 Bxe5 39. Kg2 Bf6 40. Rxe6 Kf7 41. Rd6 d4 42. Kf3 Be5 43. Ra6 d3 44. Ra3 d2 45. Rd3 Bc3 46. Ke4 h5 47. Kd5 Kg6 48. Ke6 Ba5 49. Rd5 Bc7 50. Rxd2 Bxg3 51. Rg2 h4 52. Ra2 Bc7 53. Ra4 Bd8 54. Rg4+ Kh6 55. Kf5 Bf6 56. Ra4 Kh7 57. Ra8 Be7 58. Rc8 Bf6 59. Re8 Bd4 60. Kg5 Bf2 61. Re4 Bg3 62. Re2 Bc7 63. Kxh4 Kh6 64. Re8 g6 65. Kg4 Ba5 66. Rh8+ Kg7 67. Ra8 Bd2 68. Rd8 Bc1 69. Rd5 Kh6 70. Kf3 Bg5 71. Rb5 Bd2 72. Ke4 Bc3 73. Rc5 Ba1 74. Rd5 Kg7 75. Ra5 Bb2 76. Rb5 Bc3 77. Kd5 Kf7 78. Rb3 Bf6 79. Rb7+ Kg8 80. Ke6 Bd4 81. Rf7 Bb2 82. Rf2 Bd4 83. Rg2 Kg7 84. Rg4 Bc3 85. Rc4 Bb2 86. Rc7+ Kg8 87. Kd5 Bg7 88. Ke4 Kh7 89. Kf4 Kh6 90. Rb7 Bc3 91. Ke4 Kg5 92. Rf7 Kh4 93. Rf3 Be1 94. Kf4 g5+ 95. Kf5 Bg3 96. Re3 Kxh3 97. Kxg5 Kg2 98. Kg4 Bh2 99. Re2+ Kh1 100. Kh3 Bg1 101. Kg3 Bc5 102. Rd2 Bb6 103. Rc2 Bd4 104. Rc1+ Bg1 105. Rc8 Bh2+ 106. Kh3 Bg1 107. Rc2 Bb6 108. Rb2 Bg1 109. Ra2 Bd4 110. Rh2+ Kg1 111. Rd2 Be3 112. Re2 Bb6 113. Rb2 Bd4 114. Rd2 Bb6 115. Rc2 Bd4 116. Ra2 Kh1 117. Rd2 Bg1 118. Kg3 Bb6 119. Rh2+ Kg1 120. Rb2 Bc7+ 121. Kh3 Be5 122. Rd2 Bc7 123. Rg2+ Kh1 124. Rc2 Bb6 125. Rh2+ Kg1 126. Rb2 Bc5 127. Rc2 Bb6 128. Ra2 Kh1 129. Rh2+ Kg1 130. Rb2 1/2-1/2

[Event "Mediterranean-ch 13th"]
[Site "Platja d'Aro"]
[Date "2023.11.06"]
[Round "4"]
[White "Garcia Ramos, Daniel"]
[Black "Alsina Leal, Daniel"]
[Result "1-0"]
[WhiteElo "2461"]
[BlackElo "2533"]
[PlyCount "109"]
[EventDate "2023.11.04"]
[EventType "swiss"]
[EventRounds "9"]
[EventCountry "ESP"]
[SourceTitle "CB46_2023"]
[SourceDate "2023.11.15"]
[SourceVersion "1"]
[SourceVersionDate "2023.11.15"]
[SourceQuality "1"]

1. e4 c5 2. Nf3 d6 3. d4 cxd4 4. Nxd4 Nf6 5. Nc3 a6 6. f3 e5 7. Nb3 Be6 8. Be3 h5 9. Qd2 Nbd7 10. 0-0-0 Rc8 11. Kb1 Be7 12. Bg5 b5 13. a3 0-0 14. h4 Nb6 15. Na5 Na4 16. Nxa4 bxa4 17. Bxa6 Rc7 18. Bxf6 Bxf6 19. Qb4 Qa8 20. Bb5 d5 21. exd5 Bxd5 22. Qd6 Qxa5 23. Rxd5 Qa7 24. Qb4 Rb8 25. Rhd1 Rcb7 26. Rd7 Rxd7 27. Rxd7 Qg1+ 28. Ka2 Qxg2 29. Qc4 Qxf3 30. Qxf7+ Kh7 31. Rd3 Qg4 32. Bd7 Qg6 33. Qxg6+ Kxg6 34. Bxa4 e4 35. Rg3+ Kf5 36. b4 Kf4 37. Rh3 e3 38. Bc6 Rc8 39. b5 Bd4 40. Rf3+ Kg4 41. Rf1 Kg3 42. Rf3+ Kg4 43. Rf1 Kg3 44. Rf3+ Kh2 45. Rf4 Bb6 46. Rf7 Kg3 47. Rxg7+ Kxh4 48. Kb3 Rd8 49. Bf3 Rf8 50. Be2 Rf2 51. Bd3 Rd2 52. Rg6 Bd8 53. Re6 Bg5 54. b6 Rf2 55. a4 1-0

[Event "Mediterranean-ch 13th"]
[Site "Platja d'Aro"]
[Date "2023.11.05"]
[Round "3"]
[White "Alsina Leal, Daniel"]
[Black "Rodriguez Redondo, Adhara"]
[Result "1-0"]
[WhiteElo "2533"]
[BlackElo "2123"]
[PlyCount "113"]
[EventDate "2023.11.04"]
[EventType "swiss"]
[EventRounds "9"]
[EventCountry "ESP"]
[SourceTitle "CB46_2023"]
[SourceDate "2023.11.15"]
[SourceVersion "1"]
[SourceVersionDate "2023.11.15"]
[SourceQuality "1"]

1. Nf3 d5 2. g3 Nf6 3. Bg2 e6 4. 0-0 Be7 5. d4 0-0 6. c4 dxc4 7. Qc2 a6 8. a4 Bd7 9. Qxc4 Bc6 10. Bg5 Bd5 11. Qc2 Be4 12. Qc1 h6 13. Bxf6 Bxf6 14. Nbd2 Bxf3 15. Bxf3 c6 16. e3 a5 17. h4 Na6 18. h5 Nb4 19. Nc4 Qc7 20. Rd1 Rfd8 21. Qb1 c5 22. dxc5 Qxc5 23. Qe4 Rd5 24. Rab1 Rad8 25. Qg4 Rxd1+ 26. Rxd1 Nd5 27. Qe4 Be7 28. b3 Qb4 29. Qc2 b5 30. axb5 Qxb5 31. Rd3 Rc8 32. Bxd5 exd5 33. Nd6 Rxc2 34. Nxb5 Rc5 35. Nd4 Bf6 36. Nf5 Kf8 37. g4 g6 38. Ng3 Bh4 39. Ne2 gxh5 40. gxh5 d4 41. Nxd4 Rxh5 42. e4 Rc5 43. Nf5 Bg5 44. f4 Be7 45. Rd7 Bf6 46. Rd6 Rc1+ 47. Kg2 Rc2+ 48. Kf3 Be7 49. Rd7 Bf6 50. e5 Ke8 51. Rb7 Rc3+ 52. Ke4 Bd8 53. Nd6+ Kf8 54. Rxf7+ Kg8 55. Rb7 Bh4 56. Nf5 Bf2 57. e6 1-0

[Event "Mediterranean-ch 13th"]
[Site "Platja d'Aro"]
[Date "2023.11.05"]
[Round "2"]
[White "Jimenez Ruano, Adrian"]
[Black "Alsina Leal, Daniel"]
[Result "1/2-1/2"]
[WhiteElo "2281"]
[BlackElo "2533"]
[PlyCount "104"]
[EventDate "2023.11.04"]
[EventType "swiss"]
[EventRounds "9"]
[EventCountry "ESP"]
[SourceTitle "CB46_2023"]
[SourceDate "2023.11.15"]
[SourceVersion "1"]
[SourceVersionDate "2023.11.15"]
[SourceQuality "1"]

1. d4 d5 2. c4 e6 3. Nc3 c6 4. Nf3 Nf6 5. e3 Nbd7 6. Qc2 Bd6 7. b3 0-0 8. Be2 b6 9. 0-0 Bb7 10. Bb2 Qe7 11. Rad1 Rad8 12. Rfe1 Rfe8 13. g3 h6 14. Bf1 Bb4 15. a3 Bxc3 16. Bxc3 Ne4 17. Bb2 c5 18. dxc5 dxc4 19. c6 Bxc6 20. Nd4 Ba8 21. bxc4 Ng5 22. h4 Ne5 23. Bg2 Ngf3+ 24. Nxf3 Nxf3+ 25. Bxf3 Bxf3 26. Qc3 f6 27. Rxd8 Rxd8 28. e4 Bh5 29. e5 f5 30. a4 f4 31. Ba3 Qf7 32. Bd6 Qg6 33. Kh2 Qg4 34. c5 bxc5 35. Qxc5 fxg3+ 36. fxg3 Qxa4 37. Rf1 Qa6 38. Rf2 Rc8 39. Qe3 Bg4 40. Qf4 Bf5 41. Rb2 Qa1 42. Rf2 Rc1 43. Qf3 Qd4 44. g4 Bxg4 45. Qf7+ Kh7 46. Qf4 Qxf4+ 47. Rxf4 Bf5 48. Ra4 Rc3 49. Kg2 Rc2+ 50. Kg3 Rc3+ 51. Kg2 Rh3 52. Be7 Rc3 1/2-1/2

[Event "Mediterranean-ch 13th"]
[Site "Platja d'Aro"]
[Date "2023.11.04"]
[Round "1"]
[White "Alsina Leal, Daniel"]
[Black "Galvan Cipriani, Viviana"]
[Result "1-0"]
[WhiteElo "2533"]
[BlackElo "2083"]
[PlyCount "61"]
[EventDate "2023.11.04"]
[EventType "swiss"]
[EventRounds "9"]
[EventCountry "ESP"]
[SourceTitle "CB46_2023"]
[SourceDate "2023.11.15"]
[SourceVersion "1"]
[SourceVersionDate "2023.11.15"]
[SourceQuality "1"]

1. e4 c5 2. Nf3 e6 3. d4 cxd4 4. Nxd4 a6 5. Bd3 Bc5 6. Nb3 Ba7 7. Qe2 d6 8. Be3 Nf6 9. 0-0 0-0 10. c4 Nc6 11. Nc3 Qc7 12. Bxa7 Rxa7 13. Rac1 Qb8 14. f4 b6 15. Rce1 Rd7 16. Rf3 Bb7 17. Rh3 Rfd8 18. e5 dxe5 19. Bxh7+ Nxh7 20. Qh5 Kf8 21. Qxh7 Ne7 22. Qh8+ Ng8 23. fxe5 Rd2 24. Nxd2 Rxd2 25. Rg3 g6 26. Rxg6 Ke7 27. Qxg8 Qc7 28. Rg3 Qc5+ 29. Kh1 Qf2 30. Qg5+ Ke8 31. Rg1 1-0

[Event "ESP-ch 88th"]
[Site "Marbella"]
[Date "2023.10.21"]
[Round "9"]
[White "Lopez Martinez, Josep Manuel"]
[Black "Alsina Leal, Daniel"]
[Result "1/2-1/2"]
[WhiteElo "2470"]
[BlackElo "2531"]
[PlyCount "116"]
[EventDate "2023.10.13"]
[EventType "swiss"]
[EventRounds "9"]
[EventCountry "ESP"]
[SourceTitle "Mega2024 Update 01"]
[Source "Chessbase"]
[SourceDate "2023.11.12"]
[SourceVersion "1"]
[SourceVersionDate "2023.11.12"]
[SourceQuality "1"]

1. e4 c5 2. Nf3 e6 3. g3 Nc6 4. Bg2 Nf6 5. d3 d5 6. Qe2 Be7 7. 0-0 0-0 8. e5 Nd7 9. c4 d4 10. h4 h6 11. Bf4 a6 12. Re1 b5 13. Na3 Qb6 14. Nh2 f5 15. exf6 Nxf6 16. Ng4 Ra7 17. Ne5 Nxe5 18. Bxe5 Ne8 19. Rac1 b4 20. Nb1 Bd6 21. Nd2 Bxe5 22. Qxe5 Raf7 23. f4 Nd6 24. Ne4 Nxe4 25. Bxe4 Rf6 26. Rf1 R8f7 27. Rce1 Qc7 28. Bg2 Qxe5 29. Rxe5 Rf5 30. Re2 g5 31. fxg5 Rxf1+ 32. Bxf1 hxg5 33. hxg5 Rf5 34. Bh3 Rxg5 35. Kf2 Kf7 36. Re4 Kf6 37. Rf4+ Kg7 38. Re4 Kf6 39. Rh4 Kg7 40. Bg4 Bd7 41. Bf3 Be8 42. Be4 Rh5 43. Rg4+ Kf6 44. Kg2 Rh8 45. Rf4+ Kg5 46. Rf1 Bh5 47. Rf4 a5 48. Rf1 Rb8 49. Re1 Kf6 50. Kh3 Kg5 51. Bc6 Bg4+ 52. Kg2 Rh8 53. Bf3 Bh3+ 54. Kg1 Bf5 55. Be4 Bh3 56. Bg2 Bf5 57. Be4 Bh3 58. Bg2 Bf5 1/2-1/2

[Event "ESP-ch 88th"]
[Site "Marbella"]
[Date "2023.10.20"]
[Round "8"]
[White "Alsina Leal, Daniel"]
[Black "Suarez Gomez, Julio"]
[Result "1/2-1/2"]
[WhiteElo "2531"]
[BlackElo "2449"]
[PlyCount "142"]
[EventDate "2023.10.13"]
[EventType "swiss"]
[EventRounds "9"]
[EventCountry "ESP"]
[SourceTitle "Mega2024 Update 01"]
[Source "Chessbase"]
[SourceDate "2023.11.12"]
[SourceVersion "1"]
[SourceVersionDate "2023.11.12"]
[SourceQuality "1"]

1. e4 e6 2. d4 d5 3. Nc3 Nf6 4. e5 Nfd7 5. f4 c5 6. Nf3 Nc6 7. Be3 a6 8. Qd2 b5 9. Bd3 cxd4 10. Nxd4 Nxd4 11. Bxd4 Bc5 12. Qf2 Qb6 13. Ne2 b4 14. 0-0 0-0 15. Kh1 f6 16. Qe3 a5 17. Bxc5 Nxc5 18. Nd4 f5 19. Nb3 Na4 20. Qxb6 Nxb6 21. a3 Bd7 22. axb4 axb4 23. Nd4 Kf7 24. Kg1 Rfb8 25. b3 h6 26. Kf2 Nc8 27. Ke3 Ne7 28. h3 g5 29. g3 Ng6 30. Be2 Ke7 31. Bh5 Nf8 32. Rxa8 Rxa8 33. g4 gxf4+ 34. Rxf4 Rc8 35. gxf5 exf5 36. Nxf5+ Bxf5 37. Rxf5 Rc3+ 38. Kd4 Ne6+ 39. Kxd5 Rc5+ 40. Ke4 Ng5+ 41. Kd4 Rxc2 42. Rf6 Rc3 43. h4 Ne6+ 44. Ke4 Rxb3 45. Rf7+ Kd8 46. Bg4 Nc5+ 47. Kd5 Na6 48. Rd7+ Ke8 49. Ra7 Rd3+ 50. Kc6 Nb8+ 51. Kc7 Nd7 52. Bf5 Rd1 53. e6 Ne5 54. Rb7 b3 55. Rxb3 Ke7 56. Rb7 Kf6 57. Bh3 Rd3 58. Bf1 Rd1 59. Bh3 Rd3 60. Bf1 Rd1 61. Be2 Rd2 62. Bb5 Kxe6 63. Rb6+ Kf5 64. Rxh6 Rc2+ 65. Kb6 Rh2 66. Be8 Ng4 67. Rh5+ Kf4 68. Rh8 Nf6 69. Bf7 Kg3 70. h5 Kg4 71. h6 Kg5 1/2-1/2

[Event "Barcelona Sants op 24th"]
[Site "Barcelona"]
[Date "2023.08.24"]
[Round "7"]
[White "Macias Pino, Diego"]
[Black "Alsina Leal, Daniel"]
[Result "1/2-1/2"]
[WhiteElo "2439"]
[BlackElo "2538"]
[PlyCount "63"]
[EventDate "2023.08.18"]
[EventType "swiss"]
[EventRounds "10"]
[EventCountry "ESP"]
[SourceTitle "CBM 215 Extra"]
[Source "ChessBase"]
[SourceDate "2023.09.30"]
[SourceVersion "1"]
[SourceVersionDate "2023.09.30"]
[SourceQuality "1"]

1. e4 c5 2. Nf3 e6 3. d4 cxd4 4. Nxd4 Nf6 5. Nc3 Nc6 6. Ndb5 Bb4 7. a3 Bxc3+ 8. Nxc3 d5 9. exd5 exd5 10. Bd3 0-0 11. 0-0 Bg4 12. f3 Bh5 13. Bg5 Qb6+ 14. Kh1 Ne4 15. Nxe4 dxe4 16. Bxe4 Qxb2 17. Qd6 Bg6 18. Rab1 Qc3 19. Bxg6 hxg6 20. Rxb7 Nd4 21. Qd7 Nf5 22. Qd3 Rfc8 23. Qxc3 Rxc3 24. Rd1 Rxc2 25. Kg1 f6 26. g4 fxg5 27. gxf5 gxf5 28. Rdd7 Kh7 29. Rxg7+ Kh6 30. Rh7+ Kg6 31. Rhg7+ Kh6 32. Rh7+ 1/2-1/2

[Event "Barcelona Sants op 24th"]
[Site "Barcelona"]
[Date "2023.08.23"]
[Round "6"]
[White "Alsina Leal, Daniel"]
[Black "Munoz Pantoja, Miguel Angel"]
[Result "1-0"]
[WhiteElo "2538"]
[BlackElo "2330"]
[PlyCount "115"]
[EventDate "2023.08.18"]
[EventType "swiss"]
[EventRounds "10"]
[EventCountry "ESP"]
[SourceTitle "CBM 215 Extra"]
[Source "ChessBase"]
[SourceDate "2023.09.30"]
[SourceVersion "1"]
[SourceVersionDate "2023.09.30"]
[SourceQuality "1"]

1. e4 d5 2. exd5 Qxd5 3. Nc3 Qd6 4. d4 Nf6 5. Nf3 c6 6. Bd3 Bg4 7. Be3 Nbd7 8. h3 Bh5 9. Qe2 e6 10. 0-0-0 Qc7 11. Kb1 Bxf3 12. Qxf3 0-0-0 13. Ne2 c5 14. c4 a6 15. Bc2 cxd4 16. Bxd4 Bc5 17. Bc3 Ne5 18. Qf4 Ng6 19. Qxc7+ Kxc7 20. f4 b5 21. b4 Be3 22. f5 exf5 23. cxb5 axb5 24. Bxf5 Rhe8 25. Bxf6 gxf6 26. Nc3 Bd2 27. Ne4 Bg5 28. g3 Re5 29. Rxd8 Kxd8 30. Rd1+ Ke7 31. g4 h5 32. Kb2 Kf8 33. a4 bxa4 34. Ka3 hxg4 35. hxg4 Nh4 36. Rd8+ Kg7 37. Nd6 Bf4 38. Rd7 Nxf5 39. gxf5 Kg8 40. Kxa4 Rd5 41. Rd8+ Kh7 42. Nxf7 Rxf5 43. Rd3 Kg6 44. Nd6 Bxd6 45. Rxd6 Rf1 46. b5 Ra1+ 47. Kb4 Rb1+ 48. Kc5 Rc1+ 49. Kd5 Rd1+ 50. Kc6 Rc1+ 51. Kd7 Kg5 52. b6 f5 53. b7 Rb1 54. Kc7 Rxb7+ 55. Kxb7 f4 56. Kc6 f3 57. Kc5 f2 58. Rd1 1-0